000 00497nam a22002177a 4500
003 UA-OsUOA
001 116910
007 ta
008 20160418b un ||||| |||| 00| 0 ukr d
100 _aДруца Я.
090 _a908
_bД76
942 _cSA
040 _aUA-OsUOA
_bukr
_cUA-OsUOA
_dUA-OsUOA
245 _aОстрог: в тіні історії
300 _aС.3
955 _a0
041 _aukr
080 _a908
773 0 _w116909
650 7 _a908 Краєзнавство
_2UDC
999 _c402881
_d402881